| 000 | 00508pab a2200169 454500 | ||
|---|---|---|---|
| 008 | 180718b2005 xxu||||| |||| 00| 0 eng d | ||
| 100 | _aCannadi, John | ||
| 245 | _aAn evaluation of private sector provision of public infrastructure in Australian local government | ||
| 260 | _c2005 | ||
| 300 | _ap.112-18. | ||
| 362 | _aSep | ||
| 650 | _aLocal government - Australia | ||
| 650 | _aLocal government | ||
| 700 | _aDolley, Brian | ||
| 773 | _aAustralian Journal of Public Administration | ||
| 909 | _a67272 | ||
| 999 |
_c67272 _d67272 |
||